Normal view
MARC view
- Sree Kannan Janardhanan
Entry Personal Name
001 - CONTROL NUMBER
- control field: 4877
003 - CONTROL NUMBER IDENTIFIER
- control field: OSt
005 - DATE AND TIME OF LATEST TRANSACTION
- control field: 20210116120732.0
008 - FIXED-LENGTH DATA ELEMENTS
- fixed length control field: 210116|| aca||aabn | a|a d
040 ## - CATALOGING SOURCE
- Original cataloging agency: OSt
- Transcribing agency: OSt
100 ## - HEADING--PERSONAL NAME
- Personal name: Sree Kannan Janardhanan
670 ## - SOURCE DATA FOUND
- Source citation: Work cat.: (OSt): Sree Kannan Janardhanan, Prathikriya
